Úrovně podnikové kultury v Scheinově modelu

Scheinov model podnikovej kultúry. Tri zložky tohto modelu: artefakty, základné predpoklady a hlavné hodnoty. Model kultúrnej dynamiky. Prepojenie jednotlivých vrstiev podnikovej kultúry.

Gespeichert in:
Bibliographische Detailangaben
1. Verfasser: Pech, Martin
Format: Buchkapitel
Sprache:Tschechisch
Schlagworte:
Tags: Tag hinzufügen
Keine Tags, Fügen Sie das erste Tag hinzu!

MARC

LEADER 00000naa$a2200000$$$4500
001 0111480
005 20220720111837.6
041 0 |a cze 
044 |a CZ 
245 1 0 |a Úrovně podnikové kultury v Scheinově modelu  |c Martin Pech 
520 |a Scheinov model podnikovej kultúry. Tri zložky tohto modelu: artefakty, základné predpoklady a hlavné hodnoty. Model kultúrnej dynamiky. Prepojenie jednotlivých vrstiev podnikovej kultúry. 
610 2 0 |a podnik 
610 2 0 |a kultúra podniková 
610 2 0 |a hodnota 
610 2 0 |a zamestnanci 
610 2 0 |a odmeňovanie 
610 2 0 |a motivácia 
610 2 0 |a modely 
100 1 |a Pech, Martin